• 首页
  • 本馆介绍
  • 公告通知
  • 最新文献
  • 馆藏检索
  • 电子资源
  • 读者导购
  • 参考咨询
  • 我的图书馆
  • 登录
  • 详细信息显示
  • 放入我的书架
  • 预约/预借图书
  • 作者相关作品
  • 分类相关作品
  • 丛书相关作品
  • 出版社相关作品

书目信息

  • 表格格式
  • 工作单格式
  • 卡片格式
题名:
民营企业集团的形成与治理研究
    
 
作者: 徐元国 著
分册:  
出版信息: 北京   中国社会科学出版社  2013
页数: 158页
开本: 24cm
丛书名: 现代经济理论与实践丛书
单 册:
中图分类: F279.245
科图分类:
主题词: 民营企业--企业集团--企业管理--研究--中国 , 民营企业 , 企业集团 , 企业管理
电子资源:
ISBN: 978-7-5161-3164-0
000 01427nam0 2200313 450
001 523
005 20140909093111.31
010    @a978-7-5161-3164-0@dCNY32.00
100    @a20131127d2013 em y0chiy50 ea
101 0  @achi
102    @aCN@b110000
105    @ay z 000yy
106    @ar
200 1  @a民营企业集团的形成与治理研究@AMin Ying Qi Ye Ji Tuan De Xing Cheng Yu Zhi Li Yan Jiu@e基于产业集群背景@EJi Yu Chan Ye Ji Qun Bei Jing@f徐元国著@FXu Yuan Guo Zhu
210    @a北京@c中国社会科学出版社@d2013
215    @a158页@d24cm
225 2  @a现代经济理论与实践丛书@f何大安主编
300    @a浙江省哲学社会科学重点研究基地(浙商研究中心)课题成果 浙江省社会科学基金资助:项目名称:产业集团对浙江制造业民营企业集团的治理机制——理论与实证研究
330    @a本书从产业集群企业网络演化的角度解释了民营企业集团的形成机理,尝试性地构建了民营企业集团的集群利益相关者治理机制和母子公司关系治理机制的两个分析框架,全书对民营企业集团在产业集群背景下的治理机制展开理论探讨,并利用上市公司的数据对民营企业集团两个治理机制的绩效进行了实证检验。
461  0 @12001 @a现代经济理论与实践丛书
517 1  @a基于产业集群背景@AJi Yu Chan Ye Ji Qun Bei Jing
606 0  @a民营企业@x企业集团@x企业管理@x研究@y中国
606 0  @a民营企业
606 0  @a企业集团
606 0  @a企业管理
690    @aF279.245@v5
701  0 @a徐元国@AXu Yuan Guo@f(1977~)@4著
801  0 @aCN@bTANGWEI@c20140603
905    @b0838348-50@dF279.245@e1153@f3
    
    民营企业集团的形成与治理研究:基于产业集群背景/徐元国著.-北京:中国社会科学出版社,2013
    158页;24cm.-(现代经济理论与实践丛书/何大安主编)
    浙江省哲学社会科学重点研究基地(浙商研究中心)课题成果 浙江省社会科学基金资助:项目名称:产业集团对浙江制造业民营企业集团的治理机制——理论与实证研究
    
    ISBN 978-7-5161-3164-0:CNY32.00
    本书从产业集群企业网络演化的角度解释了民营企业集团的形成机理,尝试性地构建了民营企业集团的集群利益相关者治理机制和母子公司关系治理机制的两个分析框架,全书对民营企业集团在产业集群背景下的治理机制展开理论探讨,并利用上市公司的数据对民营企业集团两个治理机制的绩效进行了实证检验。
●
相关链接 在E读中查询图书 在五车中查询图书 在当当中查询图书 在豆瓣中查询图书


正题名:民营企业集团的形成与治理研究     索取号:F279.245/1153         预约/预借

序号 登录号 条形码 馆藏地/架位号 状态 备注
1 0838348   208383480   第一样本阅览室/ [索取号:F279.245/1153] 在馆    
2 0838349   208383499   密集书库-海洋学院/ [索取号:F279.245/1153] 在馆    
3 0838350   208383505   第一借阅区/ [索取号:F279.245/1153] 在馆    
唐山师范学院图书馆 欢迎您!
大连网信软件有限公司© 版权所有